Statistics for NFL Pro Bowl Wide Receivers 2020s

Click here to take the quiz!

General Stats

  • This quiz has been taken 245 times
  • The average score is 37 of 39

Answer Stats

SeasonTeamPlayer% Correct
2020BillsStefon Diggs
99%
2021BillsStefon Diggs
99%
2022BillsStefon Diggs
99%
2023BillsStefon Diggs
99%
2023DolphinsTyreek Hill
99%
2021ChiefsTyreek Hill
99%
2020ChiefsTyreek Hill
99%
2022DolphinsTyreek Hill
99%
2022EaglesA. J. Brown
98%
2020TitansA. J. Brown
98%
2023EaglesA. J. Brown
98%
2023LionsAmon-Ra St. Brown
98%
2022LionsAmon-Ra St. Brown
98%
2022CowboysCeeDee Lamb
98%
2023CowboysCeeDee Lamb
98%
2021CowboysCeeDee Lamb
98%
2021RamsCooper Kupp
98%
2021PackersDavante Adams
98%
2020PackersDavante Adams
98%
2022RaidersDavante Adams
98%
2023SeahawksDK Metcalf
98%
2021BengalsJa'Marr Chase
98%
2022BengalsJa'Marr Chase
98%
2023BengalsJa'Marr Chase
98%
2022VikingsJustin Jefferson
98%
2021VikingsJustin Jefferson
98%
2020VikingsJustin Jefferson
98%
2023BuccaneersMike Evans
98%
2021BuccaneersMike Evans
98%
202149ersDeebo Samuel
96%
2020ChargersKeenan Allen
95%
2021ChargersKeenan Allen
95%
2023ChargersKeenan Allen
95%
2023BrownsAmari Cooper
94%
2023RamsPuka Nacua
94%
2020CardinalsDeAndre Hopkins
93%
2022RedskinsTerry McLaurin
86%
2021SteelersDiontae Johnson
73%
2021RaidersHunter Renfrow
70%

Score Distribution

Percentile by Number Answered

Percent of People with Each Score

Your Score History

You have not taken this quiz